000
00384nam a2200145Ia 4500
008
100204s9999 xx 000 0 und d
082
_b
19815
100
_a
अकोलकर प्रकाश
245
_a
झोत
260
_b
"अनुभव प्रकाशन, मुं."
_c
1997
300
_a
189
630
_a
झोत
730
_a
झोत
942
_c
BOOK
999
_c
464237
_d
464234